000 01188nam0a22002651 4500
001 rc\982604
005 20041129101232.4
035 _a(NLR Aleph) 006150484
090 _a5756868
_c5756868
100 _a20041129d1981 u |0rusy50 ca
101 0 _arus
102 _aRU
105 _ay |||||||||
200 1 _aАгитационное мастерство: теория и практика
_f[Подгот. доцентами Авдуловым Н.С., Божиком В.Л., и. о. доц. Бусленко Н.И. и др.]
210 _aРостов н/Д
_cБ. и.
_d1981
215 _a33 с.
_d20
225 1 _aРешения XXVI съезда КПСС - в жизнь!
300 _aВ надзаг.: Рост. обком КПСС. Отд. пропаганды и агитации, Рост. межобл. высш. парт. школа, Каф. теории и методов идеол. работы
702 1 _aАвдулов
_bН. С.
_4570
712 0 2 _aКПСС
_bРостовский обл. ком.
_bОтдел пропаганды и агитации
801 0 _aRU
_bNLR
_gpsbo
801 1 _aRU
_bELAR
_2rusmarc
852 _aNLR
_j81-4/28767
942 _cBOOK
980 _aNB